000 00832nac a22002537a 4500
001 BR7600266
003 BR-BrBNA
005 20240105113907.0
008 230509b bl.|||m| |||| 00| 0 por d
040 _aBR-BrBNA
_bpor
_cBiblioteca Nacional de Agricultura
072 _aF00; H10; H20
090 _a0150 BR7600266
110 1 _aEmpresa Brasileira de Pesquisa Agropecuaria, Brasilia, DF
_93834
245 1 _aSistemas de producao para a cultura do arroz [Rio Grande do Sul; Brasil]
260 3 _aBrasilia, DF (Brasil):
_c1975.
300 _a25 p.
490 _aCircular - Empresa Brasileira de Pesquisa Agropecuaria (Brazil)
_vno. 36
_x
650 _aARROZ
650 _aVARIEDADE
650 _aPRATICA CULTURAL
650 _aRIO GRANDE DO SUL
909 _a202312
_bLúcia Elande
_c55
_dLúcia Elande
942 _2AGRIS
_n0
_cMS
999 _c266195
_d266195